Los verbos de movimiento en eslovaco y español: un enfoque contrastivo
Pohyb slov v jazyku. Pohyblivé slovesá. Porovnanie slovenčiny a španielčiny. Kontrastívna lingvistika.
Saved in:
| Main Author: | |
|---|---|
| Format: | Book Chapter |
| Language: | Spanish |
| Subjects: | |
| Tags: |
No Tags, Be the first to tag this record!
|
MARC
| LEADER | 00000naa$a2200000$$$4500 | ||
|---|---|---|---|
| 001 | 0149232 | ||
| 005 | 20240502072702.0 | ||
| 041 | 0 | |a spa | |
| 044 | |a SK | ||
| 245 | 1 | 0 | |a Los verbos de movimiento en eslovaco y español: un enfoque contrastivo |c Mónica Sánchez Presa |
| 520 | |a Pohyb slov v jazyku. Pohyblivé slovesá. Porovnanie slovenčiny a španielčiny. Kontrastívna lingvistika. | ||
| 610 | 2 | 0 | |a jazyky cudzie |
| 610 | 2 | 0 | |a slovenčina |
| 610 | 2 | 0 | |a španielčina |
| 100 | 1 | |a Sánchez Presa, Mónica | |